Estadísticas para Países que comienzan con S

Haz click aquí para tomar la prueba!

Estadísticas generales

  • Esta prueba ha sido tomada 13.878 veces
  • La puntuación promedio es 15 de 21

Estadísticas de respuestas

País% Correcto
Suecia
96%
Suiza
92%
Somalia
84%
Serbia
78%
Senegal
75%
Sudán
75%
Surinam
73%
Siria
73%
Santa Lucía
71%
Suazilandia
69%
Sudán del Sur
68%
San Marino
68%
Samoa
67%
San Cristóbal y Nieves
66%
Santo Tomé y Príncipe
66%
San Vicente y las
Granadinas
65%
Singapur
65%
Sudáfrica
63%
Sri Lanka
61%
Seychelles
59%
Sierra Leona
48%

Distribución de puntuación

Porcentaje por número respondido

Porcentaje de gente con cada puntuación

Historial de tus puntuaciones

No has tomado esta prueba